header

Emergency department treatment of the psychiatric patient (Record no. 22239)

MARC details
000 -LEADER
fixed length control field 02002nam a22004214a 4500
082 04 - DEWEY DECIMAL CLASSIFICATION NUMBER
Classification number 362.2/2
100 1# - MAIN ENTRY--AUTHOR NAME
Personal name Stefan, Susan.
245 10 - TITLE STATEMENT
Title Emergency department treatment of the psychiatric patient
260 ## - PUBLICATION, DISTRIBUTION, ETC. (IMPRINT)
Place of publication Oxford ;
-- New York :
Name of publisher Oxford University Press,
Year of publication 2006.
300 ## - PHYSICAL DESCRIPTION
Number of Pages xiv, 215 p.
490 1# - SERIES STATEMENT
Series statement American Psychology-Law Society series
505 0# - FORMATTED CONTENTS NOTE
Formatted contents note Overview of emergency services for people with psychiatric disabilities -- Patients' problems in emergency department care -- Professional issues in emergency department care -- Legal rights and standards in emergency department treatment of people with psychiatric disabilities -- Solutions to problems in emergency department treatment of people with psychiatric disabilities.
650 #0 - SUBJECT ADDED ENTRY--TOPICAL TERM
Topical Term Psychiatric emergencies.
Topical Term Hospitals
Topical Term Crisis intervention (Mental health services)
Topical Term Mental health laws
856 40 - ELECTRONIC LOCATION AND ACCESS
Uniform Resource Identifier http://site.ebrary.com/lib/rucke/Doc?id=10271541

No items available.

© 2026 Rongo University
Contact us: librarian | system librarian | Rongo university